000 00467nam a2200181Ia 4500
005 20250326123425.0
008 250326s9999 xx 000 0 und d
037 _aTextbook
040 _aFMSL
_beng
_cFMSL
041 _aeng
_2eng
084 _aX7:8 M0
_qFMSL
100 _aMohsin M
245 0 _aFicial planning and control
_cMohsin M
260 _aDelhi
_bDelhi, Vikas
_c1980
300 _a287p
942 _cTB
_hX7:8 M0
999 _c1269311
_d1269311